Normal view
MARC view
Entry Personal Name
001 - CONTROL NUMBER
- control field: 29041
003 - CONTROL NUMBER IDENTIFIER
- control field: dpl
005 - DATE AND TIME OF LATEST TRANSACTION
- control field: 20110630115948.0
008 - FIXED-LENGTH DATA ELEMENTS
- fixed length control field: 110630|||a|||||| | ||| d
040 ## - CATALOGING SOURCE
- Original cataloging agency: dpl
- Transcribing agency: dpl
100 ## - HEADING--PERSONAL NAME
- Personal name: Langford, Jean M.
670 ## - SOURCE DATA FOUND
- Source citation: Work cat.: (dpl)53102: Langford, Jean M. , Fluent bodies:, 2004
670 ## - SOURCE DATA FOUND
- Source citation: Work cat.: (dpl)53102: Langford, Jean M. , Fluent bodies:, 2004
